[Event "Motor City op"]
[Site "Warren"]
[Date "2000.11.25"]
[Round "3"]
[White "Slomkowski, Erick"]
[Black "Johnson, Johnny R"]
[Result "0-1"]
[WhiteElo "909"]
[BlackElo "1423"]
[PlyCount "98"]
[EventDate "2000.11.24"]
[EventType "swiss"]
[EventRounds "7"]
[EventCountry "USA"]
[SourceTitle "EXT 2009"]
[Source "ChessBase"]
[SourceDate "2008.11.26"]
[SourceVersion "1"]
[SourceVersionDate "2008.11.26"]
[SourceQuality "1"]

1. e4 c5 2. Nf3 e6 3. d4 cxd4 4. Nxd4 Nf6 5. Nc3 e5 6. Nf3 Nc6 7. Bc4 Bb4 8. 0-0 0-0 9. Nd5 Nxd5 10. Qxd5 Qf6 11. Bg5 Qd6 12. Rad1 Qxd5 13. Bxd5 Kh8 14. Bxc6 bxc6 15. Nxe5 f6 16. Nxd7 Bxd7 17. Bxf6 Rxf6 18. Rxd7 Rd6 19. Rxd6 Bxd6 20. Rd1 Be5 21. g3 Bf6 22. c3 Rd8 23. Re1 Rd2 24. e5 Be7 25. f4 g6 26. g4 Kg7 27. f5 gxf5 28. gxf5 Kf7 29. b4 h5 30. a4 Rd3 31. c4 Bxb4 32. Rb1 Bc5+ 33. Kg2 Kg7 34. Rb7+ Kh6 35. e6 Kg5 36. e7 Re3 37. f6 Kxf6 38. Rc7 Bxe7 39. Rxc6+ Re6 40. Rc7 Ra6 41. c5 Rxa4 42. Rc6+ Ke5 43. Rc7 Bf6 44. c6 Kd6 45. Rf7 Be7 46. c7 Rc4 47. Rh7 h4 48. Rxe7 Kxe7 49. Kh3 Kd7 0-1